00809nam a2200265 a 4500001001300000003000900013005001700022008004100039020001100080082001700091100002100108245007700129260003300206300000900239500003500248505001700283650002900300650001600329650001500345700002100360902000800381942000700389952013200396999001500528nice12345678IN_TiNIC20260116013154.0050524s1995 newa grp 000 0 eng  ac105800a291.211bCAR aCarpenter, David aRevelation, History and the Dialogue of Religiionsb Study of Bhartrhari aNew YorkbOrbis Books c1995 a208p aincludes index and biblioraphy2 aBibliography aComparative Religion-God aBonaventure aBhartrhari1 aCarpenter, David bSRS cBK 001040708StackRoom-aHMIbHMId2009-03-16g1058.00l1o291.211 CARp017115r2019-07-16s2019-07-09v1058.00w2005-05-24yBK c9967d9967